Normal view
MARC view
- Radio broadcasting – History – Pakistan
Entry Topical Term
001 - CONTROL NUMBER
- control field: 129467
003 - CONTROL NUMBER IDENTIFIER
- control field: NUST
005 - DATE AND TIME OF LATEST TRANSACTION
- control field: 20250708145258.0
008 - FIXED-LENGTH DATA ELEMENTS
- fixed length control field: 250708|| aca||aabn | a|a d
040 ## - CATALOGING SOURCE
- Original cataloging agency: NUST
- Transcribing agency: NUST
150 ## - HEADING--TOPICAL TERM
- Topical term or geographic name entry element: Radio broadcasting – History – Pakistan
670 ## - SOURCE DATA FOUND
- Source citation: Work cat.: (NUST): Abidi,Raza Ali 17705, Radio kay Din/, 2012.
